Retrospective on the classical gold standard, 1821-1931 (Record no. 500715)

MARC details
000 -LEADER
fixed length control field 00840nam a2200253Ia 4500
003 - CONTROL NUMBER IDENTIFIER
control field OSt
005 - DATE AND TIME OF LATEST TRANSACTION
control field 20220925181915.0
008 - FIXED-LENGTH DATA ELEMENTS--GENERAL INFORMATION
fixed length control field 220923b |||||||| |||| 00| 0 eng d
037 ## - SOURCE OF ACQUISITION
Terms of availability General Book
040 ## - CATALOGING SOURCE
Original cataloging agency RTL
Transcribing agency RTL
Language of cataloging eng
041 ## - LANGUAGE CODE
Source of code eng
Language code of text/sound track or separate title eng
100 ## - MAIN ENTRY--PERSONAL NAME
Personal name Bordo Michael D. Ed.
9 (RLIN) 14877
245 #0 - TITLE STATEMENT
Title Retrospective on the classical gold standard, 1821-1931
260 ## - PUBLICATION, DISTRIBUTION, ETC.
Place of publication, distribution, etc. Chicago
Name of publisher, distributor, etc. University of Chicago Press
Date of publication, distribution, etc. 1984
300 ## - PHYSICAL DESCRIPTION
Extent xi, 681p.
Dimensions cm.
500 ## - GENERAL NOTE
General note National Bureau of Economic Research, Conference Report
650 ## - SUBJECT ADDED ENTRY--TOPICAL TERM
Topical term or geographic name entry element Economics-Money
9 (RLIN) 28470
700 ## - ADDED ENTRY--PERSONAL NAME
Personal name Schwartz Anna J. Ed.
9 (RLIN) 255093
942 ## - ADDED ENTRY ELEMENTS (KOHA)
Classification part X61:1.1.N31<---M21, M4
Koha item type General Books
Source of classification or shelving scheme Colon Classification (CC)
Holdings
Withdrawn status Lost status Damaged status Not for loan Home library Current library Date acquired Total Checkouts Full call number Barcode Date last seen Price effective from Koha item type
        Ratan Tata Library Ratan Tata Library 2022-09-25   X61:1.1.N31<---M21 M4 RT0837786 2022-09-25 2022-09-25 General Books
Copyright @ Delhi University Library System